New Headway. Advanced. Teacher' s Book

Guardado en:
Detalles Bibliográficos
Autores principales: Soars, Liz, Soars, John (Autor), Sayer, Mike (Autor)
Formato: Libro
Lenguaje:inglés
Publicado: Oxford Oxford University Press 2003
Edición:2. vyd.
Acceso en línea:Ver en el OPAC
Etiquetas: Agregar Etiqueta
Sin Etiquetas, Sea el primero en etiquetar este registro!

MARC

LEADER 00000nam a2200000 a 4500
005 20260127134300.0
008 050201 2003 enk 000 0 eng d
020 |a 0194369315 
035 |a vtls001491557 
039 9 |a 200807070831  |b mkpoh04  |c 200502101148  |d mschk04  |y 200502011011  |z mschk03 
040 |a STUSCHK1  |b slo  |c STUSCHK1  |e AACR2 
080 |a 802.0 
100 1 |a Soars, Liz 
245 1 0 |a New Headway.  |b Advanced. Teacher' s Book 
250 |a 2. vyd. 
260 |a Oxford  |b Oxford University Press  |c 2003 
300 |a 159 s. 
700 1 |a Soars, John  |4 aut 
700 1 |a Sayer, Mike  |4 aut 
910 |a SCHK95 
910 |a pokpoh 
919 |a 0-19436931-5 
999 |c 8710  |d 8710